Most popular destinations for Wine Tourism - Statistics

General Stats
  • This quiz has been taken 138 times
  • The average score is 8 of 10
Answer Stats
Index score Country % Correct
6,86 France
100%
7,16 Spain
100%
8,28 Italy
99%
7,88 Portugal
88%
4,54 Australia
81%
5,24 Greece
80%
4,65 Argentina
71%
5,01 Chile
71%
5,53 New Zealand
66%
4,23 Hungary
31%
No matching quizzes found
Score Distribution
Percent of People with Each Score
Percentile by Number Answered
Your Score History
You have not taken this quiz